Κοινωνικά δίκτυα : κίνδυνοι και τρόποι προστασίας της ιδιωτικότητας των μελών τους : πτυχιακή εργασία

Τα κοινωνικά δίκτυα είναι ένα φαινόμενο το οποίο παρατηρείται έντονα στις μέρες μας. Όπως όμως συμβαίνει με το διαδίκτυο γενικότερα, έτσι και στα κοινωνικά δίκτυα παρατηρούνται κίνδυνοι που αφορούν τους χρήστες.Σε αυτή την εργασία θα καταγράψουμε την δομή και την λειτουργία των κοινωνικών δικτύων αλ...

Πλήρης περιγραφή

Αποθηκεύτηκε σε:
Λεπτομέρειες βιβλιογραφικής εγγραφής
Κύριος συγγραφέας: Γκιώνης, Χρήστος
Συγγραφή απο Οργανισμό/Αρχή: Πανεπιστήμιο Αιγαίου. Σχολή Θετικών Επιστημών. Τμήμα Μηχανικών Πληροφοριακών και Επικοινωνιακών Συστημάτων
Άλλοι συγγραφείς: Καρύδα, Μαρία (dgsf)
Μορφή: Thesis Βιβλίο
Γλώσσα:Greek
Δημοσίευση: 2010.
Θέματα:
Διαθέσιμο Online:http://hdl.handle.net/11610/8940
Ετικέτες: Προσθήκη ετικέτας
Δεν υπάρχουν, Καταχωρήστε ετικέτα πρώτοι!

MARC

LEADER 00000cam a2200000 i 4500
001 1/18220
008 120306s2010 gr | ||| |||| ||gre||
035 |l 10111994 
040 |a GR-MyUA  |b gre  |e AACR2 
041 0 |a gre 
082 0 |a 302.30285   |2 (22) 
100 1 |a Γκιώνης, Χρήστος. 
245 1 0 |a Κοινωνικά δίκτυα :   |b κίνδυνοι και τρόποι προστασίας της ιδιωτικότητας των μελών τους : πτυχιακή εργασία /   |c του Χρήστου Γκιώνη ; επιβλέπουσα καθηγήτρια Μαρία Καρύδα.  
260 |c 2010.  
300 |a 75 σ. :   |b είκ., πίν. ;   |c 30 εκ.  
500 |a Μέλη της εξεταστικής επιτροπής: Καρύδα Μαρία, Κοκολάκης Σπύρος, Μήτρου Λίλιαν.  
502 |a Πτυχιακή εργασία – Πανεπιστήμιο Αιγαίου, Σάμος, 2010. 
504 |a Βιβλιογραφία: σ.75.  
506 0 |a Διάθεση πλήρους κειμένου - Ελεύθερη πρόσβαση.  
520 |a Τα κοινωνικά δίκτυα είναι ένα φαινόμενο το οποίο παρατηρείται έντονα στις μέρες μας. Όπως όμως συμβαίνει με το διαδίκτυο γενικότερα, έτσι και στα κοινωνικά δίκτυα παρατηρούνται κίνδυνοι που αφορούν τους χρήστες.Σε αυτή την εργασία θα καταγράψουμε την δομή και την λειτουργία των κοινωνικών δικτύων αλλά και τους κινδύνους που παρουσιάζονται. Επίσης θα προτείνουμε και τρόπους προστασίας. 
520 |a Social networking sites are a phenomenon that is noticeable nowadays.As is the case with the Internet in general, so in social networks there are issues related to the users.In this thesis we will try to map the structure and function of social networks and the risks users face. We will also study proposed ways to protect against these risks. 
540 |a Κλειδωμένη η δυνατότητα αντιγραφής (copy) του κειμένου.  
610 2 0 |a University of the Aegean  |x Dissertations. 
630 0 0 |a Facebook (Electronic resource) 
650 0 0 |a Online social networks. 
650 0 0 |a Privacy, Right of. 
650 0 0 |a Data protection. 
700 1 |a Καρύδα, Μαρία,  |e dgsf 
710 2 |a Πανεπιστήμιο Αιγαίου.   |b Σχολή Θετικών Επιστημών.   |b Τμήμα Μηχανικών Πληροφοριακών και Επικοινωνιακών Συστημάτων. 
852 |a INST  |b SAMOS  |c DIATR  |e 20120306  |h 302.30285 ΓΚΙ  |p 005300033973  |q 005300033973  |t DIE  |y 23 
852 |a INST  |b SAMOS  |c DIATR  |e 20120306  |h 302.30285 ΓΚΙ  |p 005300033974  |q 005300033974  |t DIE  |y 23 
856 |u http://hdl.handle.net/11610/8940 
901 |a BIBL3-2012-1 
909 |a Σ  |b 172121 
909 |a Σ  |b 172122 
924 |a ΓΚΙΩΝΗΣ  |b ΧΡΗΣΤΟΣ  |y Σάμος  |z 2011-09 
970 |a ΚΟΣΙΕΡΗΣ  |b ΧΡΗΣΤΟΣ  |z 2012/03/06